| 000 | 01419nam a2200229 a 4500 | ||
|---|---|---|---|
| 008 | 120416s1989 ||||||||||||||||| || u | ||
| 020 | _a0748717013 | ||
| 050 | _aTA 330 Gre | ||
| 100 | _aGreer, Alex | ||
| 245 | 1 | 0 | _aBTEC National NIII Mathematics for Technicians |
| 260 |
_aCheltenham _bStanley Thornes _c1989 |
||
| 300 | _a384p. : ill. | ||
| 350 | _a0.00 | ||
| 650 | 0 | _aMATHEMATICS--HANDBOOKS, MANUALS, ETC | |
| 650 | _aMATHEMATICS FOR TECHNICIANS | ||
| 995 |
_aBINDERY (DAMAGED) _D0.00 _e731020 _FCBU-MAIN LIBRARY (Kitwe) _H6 _I45.00 _jTA 330 Gre _M6 _UDAMAGED _y028208 _ZMain Library Open Access Collection |
||
| 995 |
_aMAIN LIBRARY OPEN ACCESS _D0.00 _e029122 _FCBU-MAIN LIBRARY (Kitwe) _H1 _I45.00 _jTA 330 Gre _M1 _ULOST _y029122 _ZMain Library Open Access Collection |
||
| 995 |
_aANNEX COLLECTION (Main Library) _D0.00 _e736152 _FCBU-MAIN LIBRARY (Kitwe) _H2 _I45.00 _jTA 330 Gre _M2 _UAVAILABLE _y39000 _ZAnnex Low-Usage Collection |
||
| 995 |
_aMAIN LIBRARY OPEN ACCESS _D0.00 _e731634 _FCBU-MAIN LIBRARY (Kitwe) _H4 _I45.00 _jTA 330 Gre _M4 _UAVAILABLE _WMay 16, 2006 _y028814 _ZMain Library Open Access Collection |
||
| 995 |
_aMAIN LIBRARY OPEN ACCESS _D0.00 _e731914 _FCBU-MAIN LIBRARY (Kitwe) _H5 _I45.00 _jTA 330 Gre _M5 _UAVAILABLE _y029111 _ZMain Library Open Access Collection |
||
| 995 |
_aANNEX COLLECTION (Main Library) _D0.00 _e730803 _FCBU-MAIN LIBRARY (Kitwe) _H3 _I45.00 _jTA 330 Gre _M3 _UAVAILABLE _y028044 _ZAnnex Low-Usage Collection |
||
| 999 |
_c77765 _d77765 |
||